000 00743nam a2200277Ia 4500
001 Para_453
003 CHAP
008 220125s1998 xx 000 0 und d
010 _a199208
040 _cCHAP
082 _aPA 632 C46
100 _aCepeda Siller, Melchor
_921318
245 _aPrácticas de fitopatología agrícola /
_c por Melchor Cepeda Siller
260 _aMéxico, D.F. :
_b Trillas :
_bUAAN
300 _a87 p.
650 _aAgricultura
_91172
650 _aBotánica económica
_914655
650 _aFitopatología
_941161
901 _aPA 632 C46
902 _aA
905 _a0000001998 a 0000000000 00
910 _a1998
942 _cPARA
942 _cPARA
_d1
999 _c199208
_d199208